Statistics for NCAA Football Passing Yds Leader by Year

Click here to take the quiz!

General Stats

  • This quiz has been taken 64 times
  • The average score is 7 of 20

Answer Stats

YearYardsSchoolAnswer% Correct
20195671LSUJoe Burrow
100%
20165052Texas TechPatrick Mahomes
92%
20184831Ohio StateDwayne Haskins
70%
20015839Fresno StateDavid Carr
64%
20135083Fresno StateDerek Carr
64%
20054301HawaiiColt Brennan
42%
20065549HawaiiColt Brennan
42%
20095671HoustonCase Keenum
32%
20115631HoustonCase Keenum
32%
20004167Florida StateChris Weinke
32%
20085111Texas TechGraham Harrell
32%
20075705Texas TechGraham Harrell
32%
20174904Oklahoma StateMason Rudolph
30%
20025017Texas TechKliff Kingsbury
19%
20035833Texas TechBJ Symons
6%
20144830Western KentuckyBrandon Doughty
2%
20155055Western KentuckyBrandon Doughty
2%
20105040HawaiiBryant Moniz
2%
20124309BaylorNick Florence
2%
20044742Texas TechSonny Cumbie
2%

Score Distribution

Percentile by Number Answered

Percent of People with Each Score

Your Score History

You have not taken this quiz